Riconosci il Pokémon - Quiz n°351 - Statistics

Statistiche generali
  • Questo quiz è stato fatto 2 volte
  • Il punteggio medio è 5 su 10
Statistiche sulle risposte
Indizio Risposta % Corretto
Altezza 0,5 m
100%
Stadio evoluzione Forma Base
100%
Generazione Quarta
100%
Tipo Roccia / Acciaio
100%
Abilità Vigore; Antisuono
100%
Tasso di cattura 45 (11.9%)
0%
Peso 57,0 kg
0%
Sesso 87.5% ♂, 12.5% ♀
0%
Tasso di allevamento Irregolare
0%
Pokémon Shieldon
0%
Nessun quiz corrispondente trovato
Distribuzione punteggi
Percentuale di utenti per punteggio
Percentile per numero di risposta
I tuoi punteggi nel tempo
Non hai fatto questo quiz